The Persian Gulf in the Coming Decade : (Record no. 4922)
[ view plain ]
| 000 -LEADER | |
|---|---|
| fixed length control field | 01406nac a22002891u 4500 |
| 008 - FIXED-LENGTH DATA ELEMENTS--GENERAL INFORMATION | |
| fixed length control field | 100119s2002 cau||||| |||| 00| 0 eng d |
| 010 ## - LIBRARY OF CONGRESS CONTROL NUMBER | |
| LC control number | 2002026577 |
| 020 ## - INTERNATIONAL STANDARD BOOK NUMBER | |
| International Standard Book Number | 0833032062 |
| 082 00 - DEWEY DECIMAL CLASSIFICATION NUMBER | |
| Classification number | 327.73056 |
| Item number | BYM |
| Edition number | 22 |
| 100 ## - MAIN ENTRY--PERSONAL NAME | |
| Personal name | Byman, Daniel, |
| 9 (RLIN) | 10464 |
| 245 14 - TITLE STATEMENT | |
| Title | The Persian Gulf in the Coming Decade : |
| Remainder of title | Trends, Threats, and Opportunities / |
| Statement of responsibility, etc | Daniel L. Byman, John R. Wise |
| 260 ## - PUBLICATION, DISTRIBUTION, ETC. (IMPRINT) | |
| Place of publication, distribution, etc | Santa Monica, CA : |
| Name of publisher, distributor, etc | Rand, 2002 |
| Date of publication, distribution, etc | 2002. |
| 300 ## - PHYSICAL DESCRIPTION | |
| Extent | xvii, 83 p. : |
| Other physical details | ill. ; |
| Dimensions | 23 cm. |
| 500 ## - GENERAL NOTE | |
| General note | "Prepared for the United States Air Force." |
| 500 ## - GENERAL NOTE | |
| General note | "Project AIR FORCE." |
| 504 ## - BIBLIOGRAPHY, ETC. NOTE | |
| Bibliography, etc | Includes bibliographical references (p. 75-83) |
| 651 #0 - SUBJECT ADDED ENTRY--GEOGRAPHIC NAME | |
| Geographic name | Persian Gulf Region. |
| 9 (RLIN) | 10465 |
| 651 #0 - SUBJECT ADDED ENTRY--GEOGRAPHIC NAME | |
| Geographic name | Persian Gulf Region |
| General subdivision | Relations |
| Geographic subdivision | United States. |
| 9 (RLIN) | 10466 |
| 651 #0 - SUBJECT ADDED ENTRY--GEOGRAPHIC NAME | |
| Geographic name | United States |
| General subdivision | Relations |
| Geographic subdivision | Persian Gulf Region. |
| 9 (RLIN) | 10467 |
| 700 1# - ADDED ENTRY--PERSONAL NAME | |
| Personal name | Wise, John R. |
| 9 (RLIN) | 10468 |
| 710 1# - ADDED ENTRY--CORPORATE NAME | |
| Corporate name or jurisdiction name as entry element | United States. |
| Subordinate unit | Air Force. |
| 9 (RLIN) | 10469 |
| 710 1# - ADDED ENTRY--CORPORATE NAME | |
| Corporate name or jurisdiction name as entry element | Project Air Force (U.S.) |
| 9 (RLIN) | 10470 |
| 856 41 - ELECTRONIC LOCATION AND ACCESS | |
| Uniform Resource Identifier | <a href="http://www.rand.org/publications/MR/MR1528/">http://www.rand.org/publications/MR/MR1528/</a> |
| 942 ## - ADDED ENTRY ELEMENTS (KOHA) | |
| Item type | Book - Borrowing |
| Call number prefix | 327.73056 BYM |
| Source of classification or shelving scheme | Dewey Decimal Classification |
| Withdrawn status | Item status | Source of classification or shelving scheme | Damaged status | Not for loan | Vendor | Home library | Current library | Shelving location | Date acquired | Source of acquisition | Total Checkouts | Total Renewals | Full call number | Barcode | Date last seen | Date last borrowed | Koha item type |
|---|---|---|---|---|---|---|---|---|---|---|---|---|---|---|---|---|---|
| Dewey Decimal Classification | Central Library | Central Library | First floor | 01/10/2007 | 8 | 19 | 327.73056 BYM | 000005987 | 15/07/2025 | 29/07/2019 | Book - Borrowing | ||||||
| Dewey Decimal Classification | Central Library | Central Library | First floor | 18/01/2010 | Donation | 327.73056 BYM | 000019388 | 15/07/2025 | NB - Book (Non borrowing) |